| 000 | 00560nam a2200229Ia 4500 | ||
|---|---|---|---|
| 005 | 20250425161832.0 | ||
| 008 | 250425s9999 xx 000 0 und d | ||
| 020 | _a9978723129 | ||
| 041 | _aspa | ||
| 043 | _aec | ||
| 082 | _a986.6 | ||
| 100 | _aLAVIANA CUETOS, MARIA LUISA | ||
| 245 | 0 | _aESTUDIOS SOBRE EL GUAYAQUIL COLONIAL | |
| 250 | _a1A ED. | ||
| 260 |
_aEcuador _bARCHIVO HISTORICO DEL GUAYAS _c1999 |
||
| 260 | _aGUAYAQUIL | ||
| 300 | _a219 | ||
| 650 | _aEPOCA COLONIAL | ||
| 650 | _aGUAYAQUIL-HISTORIA | ||
| 942 | _c01 | ||
| 010 | _a31782 | ||
| 999 |
_c217092 _d217092 |
||